|
|
|
|
| LEADER |
02155nam a2200493 i 4500 |
| 001 |
EBC1561252 |
| 003 |
MiAaPQ |
| 005 |
20200903223051.0 |
| 006 |
m o d | |
| 007 |
cr cnu|||||||| |
| 008 |
130815t20142014nju ob 001 0 eng|d |
| 020 |
|
|
|z 9789814472661
|
| 020 |
|
|
|a 9789814472678
|q (electronic bk.)
|
| 035 |
|
|
|a (MiAaPQ)EBC1561252
|
| 035 |
|
|
|a (Au-PeEL)EBL1561252
|
| 035 |
|
|
|a (CaPaEBR)ebr10801128
|
| 035 |
|
|
|a (CaONFJC)MIL543283
|
| 035 |
|
|
|a (OCoLC)860388889
|
| 040 |
|
|
|a MiAaPQ
|b eng
|e rda
|e pn
|c MiAaPQ
|d MiAaPQ
|
| 041 |
1 |
|
|a eng
|h chi
|
| 043 |
|
|
|a a-cc---
|
| 050 |
|
4 |
|a HC427.95
|b .Z467313 2014
|
| 082 |
0 |
|
|a 330.951
|2 23
|
| 100 |
1 |
|
|a Zhou, Tianyong,
|d 1958-
|
| 240 |
1 |
0 |
|a Zhongguo meng yu Zhongguo dao lu.
|l English
|
| 245 |
1 |
4 |
|a The China dream and the China path /
|c Zhou Tianyong, Party School of the Central Committee of Communist Party of China, China.
|
| 264 |
|
1 |
|a Hackensack, New Jersey :
|b World Scientific Pub. Co. Pte. Ltd.,
|c [2014]
|
| 264 |
|
4 |
|c 2014
|
| 300 |
|
|
|a 1 online resource (284 pages).
|
| 336 |
|
|
|a text
|2 rdacontent
|
| 337 |
|
|
|a computer
|2 rdamedia
|
| 338 |
|
|
|a online resource
|2 rdacarrier
|
| 490 |
1 |
|
|a Series on Chinese economics research,
|x 2251-1644 ;
|v volume 3
|
| 500 |
|
|
|a Translation of Zhongguo meng yu Zhongguo dao lu.
|
| 504 |
|
|
|a Includes bibliographical references and index.
|
| 588 |
|
|
|a Description based on print version record.
|
| 590 |
|
|
|a Electronic reproduction. Ann Arbor, MI : ProQuest, 2016. Available via World Wide Web. Access may be limited to ProQuest affiliated libraries.
|
| 651 |
|
0 |
|a China
|x Economic policy
|y 2000-
|
| 651 |
|
0 |
|a China
|x Economic conditions
|y 2000-
|
| 655 |
|
4 |
|a Electronic books.
|
| 776 |
0 |
8 |
|i Print version:
|a Zhou, Tianyong.
|t China dream and the China path.
|d Hackensack, New Jersey : World Scientific Pub. Co. Pte. Ltd., [2014]
|h xviii, 265 pages
|k Series on Chinese economics research ; vol. 3
|z 9789814472661
|w (DLC) 2013031942
|
| 797 |
2 |
|
|a ProQuest (Firm)
|
| 830 |
|
0 |
|a Series on Chinese economics research ;
|v v. 3.
|x 2251-1644
|
| 856 |
4 |
0 |
|u https://ebookcentral.proquest.com/lib/matrademy/detail.action?docID=1561252
|z Click to View
|